1195 1773 1441 1489 1977 1768 1380 1237 1210 1253 1258 1704 1517 1386 1664 1202 1732 1024 1894 1430 1456 1683 1999 1976 1238 1750 1276 1741 1880 1744 1946 1404 1922 1851 1942 1686 1480 1233 1289 1688 1438 1024 1891 1507 1892 1314 1196 1515 1145 1934 1648 1484 1990 1607 1927 1807 1732 1078 1596 1392 1837 1326 1423 1151 1207 1656 1706 1984 1857 1974 1886 1147 1610 1238 1813 1694 1336 1683 1861 1329 1920 1925 1124 1320 1499 1765 1073 1001 1139 1890 1871 1601 1604 1967 1117 1533 1279 1663 1366 BCNSPRNW ULIB Ver.6.0+V

เปลี่ยนเป็นภาษาไทย

Change to English
 แสดงรายละเอียดบรรณานุกรม
  กลับหน้าหลัก

Brief Record : Get Marc (ISO 2709) : E-mail record : QR code < ปิดหน้าต่าง
LEADER : 00000nam 2200000uu 4500
001    13399126518
003     ULIB
008    181004s2559||||th 000 0 tha d
020    ^a9786163890214
020    ^a9786163890214 (ล.1)
020    ^a9786163890214 : ^cหนังสืออภินันทนาการ
050    ^aBQ4032^bห36
245 0  ^aหนังสือสอนพระพุทธศาสนาแก่เด็ก พ.ศ. 2471-2503 /^cสำนักงานราชบัณฑิตยสภา.
250    ^aพิมพ์ครั้งที่ 1.
260    ^aกรุงเทพฯ :^bสำนักงานราชบัณฑิตยสภา,^c2559.
300    ^a1057 หน้า ;^c25 ซม.
505 0   ^aล. 1 พ.ศ. 2471-2503 -- ล. 2 พ.ศ. 2504-2533 -- ล. 3 พ.ศ. 2534-2557.
505 0   ^aล.1 พ.ศ. 2471-2503 -- ล.2 พ.ศ. 2534-2557 -- ล.3 พ.ศ. 2504-2533.
505 0   ^aเล่ม 1 หนังสือสอนพระพุทธศาสนาแก่เด็ก พ.ศ. 2471-2503: พุทธมามกะ -- สาสนคุณ -- อริยทรัพย์ -- ทิศ 6 -- อบายมุข 6 -- ทิฏฐธัมมิกัตถประโยชน์ 4 ประการ -- อธิฐานธรรม 4 -- อิทธิบาท 4 -- วุฒิ 4 -- จักร 4 -- เวลารัชชกรณธรรม 5 -- สังควัตถุ 4 -- สุขของคฤหัสถ์ 4 -- ธรรมของฆราวาส 4 -- ตระกูลอันมั่งคั่ง -- ความเชื่อ -- สัปปุริสธรรม 7 -- กตัญญูกตเวที -- ธรรมอันทำให้งาม 2 อย่าง -- คารวะ 6 -- บุคคลหาได้อยาก 2 -- ธรรมอันเป็นโลกบาล 2 อย่าง -- โอวาทของพระพุทธเจ้า 3 อย่าง -- อธิปไตย 3 -- กุศลมูล 3 -- ธรรมมีอุปการะมาก 2 -- พรหมวิหาร 4 -- สัปปุริสบัญญัติ 3 -- อมตธรรม 5 -- ปธานความเพียร 4 -- การไม่คบคนพาลและการคบบัณฑิต
505 0   ^aเล่ม 2 หนังสือสอนพระพุทธศาสนาแก่เด็ก พ.ศ. 2504-2533 : การบูชาคนที่ควรบูชา -- การอยู่ในประเทศอันสมควร -- ความเป็นผู้มีบุญได้ทำไว้ในปางก่อน -- การตั้งตนไว้ชอบ -- ความเป็นผู้สดับมา -- ศิลปะ -- วินัยที่ได้ศึกษาดีแล้ว -- วาจาสุภาษิต -- การบำรุงมารดา บิดา -- การสงเคราะห์บุตร -- การสงเคราะห์ภริยา -- การงานไม่อากูล -- ทาน การเสียสละ -- ธรรมจริยา การประพฤติธรรม -- การสงเคราะห์ญาติ -- การงานที่ปราศจากโทษ -- การงดเว้นจากบาป -- การสำรวมจากการดื่มน้ำเมา -- ความเคารพ -- การถ่อมตน -- การฟังธรรมโดยกาล -- ความอดทน -- ความเป็นผู้ว่าง่าย -- แม่พระสามเมือง -- อนาถบิณฑิกเศรษฐี -- การประพฤติพรหมจรรย์
505 0   ^aเล่ม 3 หนังสือสอนพระพุทธศาสนาแก่เด็ก พ.ศ. 2534-2557 : การเห็นอริยสัจทั้งหลาย -- การทำพระนิพพานให้แจ้ง -- จิตที่ไม่หวั่นไหวในโลกธรรม -- การไม่เศร้าโศก -- การสงเคราะห์บุตร -- จิตเกษม -- เนกขัมมบารมี -- วิริยบารมี -- เมตตาบารมี -- อธิษฐานบารมี -- ปัญญาบารมี -- ศีลบารมี -- ขันติบารมี -- อุเบกขาบารมี -- สัจจบารมี -- ทานบารมี -- พระรัตนตรัย -- หลักพุทธศาสน์ -- สามัคคี -- ความซื่อสัตย์ -- เครื่องหมายของคนดี -- จิตสาธารณะ -- ศีลห้า -- พระพุทธคุณเป็นเกราะป้องกันภัย
600 0  ^aปกเกล้าเจ้าอยู่หัว,^cพระบาทสมเด็จพระ,^d2436-2484.
650    ^aการปฏิบัติธรรม.
650    ^aธรรมะ.
650    ^aพุทธศาสนา^xการศึกษาและการสอน.
650    ^aพุทธศาสนา^xบรรณานุกรม
650    ^aพุทธศาสนา^xวรรณกรรมสำหรับเด็ก
650    ^aวรรณกรรมสำหรับเด็ก^xบรรณานุกรม
650    ^aหนังสือสอนศาสนา^zไทย
710 2  ^aสำนักงานราชบัณฑิตยสภา.
945    ^p0^l0^i004688
999    ^aประนอม เกษจรัล
รายการนี้ยังไม่มีแท็ก
คุณยังไม่ได้ล็อกอิน คุณสามารถมีกิจกรรมร่วมกับเว็บไซต์ได้ แต่ต้องล็อกอินก่อน ::
  ล็อกอิน

รายการสื่อสารสนเทศ

ลำดับที่ ประเภท เลขเรียก/บาร์โค้ด สถานที่ สถานะ
1. การศึกษาทั่วไป
หนังสือสำรอง
สถานะ=หนังสือสำรอง
BQ4032 ห36 ฉ.1 
  Barcode: 004688
ห้องสมุดวิทยาเขตสวรรค์ประชารักษ์
►หนังสือทั่วไป
บนชั้น

รายการใกล้เคียง
    หัวเรื่อง [ธรรมะ.]

BibComment


ยังไม่เคยถูกคอมเมนท์

คอมเมนท์ทรัพยากรรายการนี้
  คอมเมนท์: หนังสือสอนพระพุท..


 Copyright 2026. Bcnsprnw @Library